| 000 | 00511nam a2200193Ia 4500 | ||
|---|---|---|---|
| 005 | 20250508160450.0 | ||
| 008 | 008 250505s9999 xx 000 0 eng d | ||
| 037 | _aTextual | ||
| 040 |
_aFEDL _beng _cFEDL |
||
| 041 |
_aeng _2eng |
||
| 084 |
_a301.444, ROS _qFEDL |
||
| 100 | _aRose Gordon | ||
| 245 | 0 | _aWorking class | |
| 260 |
_aLondon, UK _bLongmans, Green and Co. _c1968 |
||
| 300 | _avii,151p. | ||
| 650 | _aSociology | ||
| 942 |
_cTEXL _h301.444, ROS |
||
| 999 |
_c1364765 _d1364765 |
||